| 000 | 00882nam a2200337 a 4500 | ||
|---|---|---|---|
| 003 | AR-BaBNM | ||
| 005 | 20251128202732.0 | ||
| 008 | 082120s2002 ||||||||||||||000 | spa|| | ||
| 020 | _a84-7100-558-1 | ||
| 040 | _cAR-BaBNM | ||
| 100 | 1 | _aHoffman, Paul E. | |
| 245 | 0 | 0 | _aLuisiana |
| 250 | _a1ª ed. | ||
| 260 |
_aMadrid _bMapfre _c1992 |
||
| 300 |
_a328 p. _btablas,gráfs. |
||
| 490 | 0 |
_aEspaña y Estados Unidos _vv. 8 |
|
| 500 | _aContiene apéndices p. 301-315. | ||
| 650 | 4 | _aHISTORIA POLITICA | |
| 650 | 4 | _aHISTORIA SOCIAL | |
| 650 | 4 | _aDESARROLLO | |
| 650 | 4 | _aREVOLUCION | |
| 650 | 4 | _aCOMERCIO | |
| 651 | 4 | _aEstados Unidos | |
| 651 | 4 | _aEspaña | |
| 800 | 1 |
_aGallego, José Andrés _ecoordinador |
|
| 800 | 1 |
_aGannon, MIchael _edirector |
|
| 800 | 1 |
_aLyon, Eugene _edirector |
|
| 800 | 1 |
_aGutman, Eliézer _etraductor |
|
| 942 | _cBK | ||
| 998 | _cmariana | ||
| 999 |
_c319 _d319 |
||